| 000 | 08609nas1a22007211i 4500 | ||
|---|---|---|---|
| 001 | RU\NLR\INFOCOMM18\1000239155 | ||
| 005 | 20260406124008.0 | ||
| 035 | _a(NLR Aleph) 002631850 | ||
| 090 |
_a3708121 _c3708121 |
||
| 100 | _a20050207b19311979|||y0rusy50 ca | ||
| 101 | 0 | _arus | |
| 102 | _aRU | ||
| 110 | _azyu||||0|y0 | ||
| 200 | 1 |
_aПовышение эффективности мясного скотоводства _eТруды _fВНИИ мясн. скотоводства |
|
| 210 |
_aОренбург _d1931 - 1979 |
||
| 300 | _aВ надзаг. также: М-во сел. хоз-ва СССР | ||
| 300 | _aПосле Т. 24 (1979) выходит ненум. темат. сборниками (Описания см. в каталоге книг под загл. каждого сборника) | ||
| 430 | 0 |
_12001#$aТруды Оренбургского научно-исследовательского института мясного скотоводства _171002$3RU\NLR\AUTH\8816857$aОренбургский НИИ молочно-мясного скотоводства _tТруды Оренбургского научно-исследовательского института мясного скотоводства _aОренбургский НИИ молочно-мясного скотоводства |
|
| 430 | 0 |
_12001#$aСборник научно-исследовательских работ Чкаловского научно-исследовательского института молочно-мясного скотоводства _171002$3RU\NLR\AUTH\8816857$aОренбургский НИИ молочно-мясного скотоводства _tСборник научно-исследовательских работ Чкаловского научно-исследовательского института молочно-мясного скотоводства _aОренбургский НИИ молочно-мясного скотоводства |
|
| 430 | 0 |
_12001#$aСборник трудов _171002$3RU\NLR\AUTH\8816857$aОренбургский НИИ молочно-мясного скотоводства _tСборник трудов _aОренбургский НИИ молочно-мясного скотоводства |
|
| 430 | 0 |
_12001#$aТруды _171002$3RU\NLR\AUTH\8816857$aОренбургский НИИ молочно-мясного скотоводства _tТруды _aОренбургский НИИ молочно-мясного скотоводства |
|
| 430 | 0 |
_12001#$aПроблемы мясного скотоводства _tПроблемы мясного скотоводства |
|
| 488 | 0 |
_12001#$aВестник мясного скотоводства _tВестник мясного скотоводства |
|
| 712 | 0 | 2 |
_4570 _aВНИИ мясного скотоводства _cОренбург _9306978 _3RU\NLR\AUTH\8816858 |
| 801 | 1 |
_aRU _bInfoComm _c20050207 |
|
| 801 | 0 |
_aRU _bNLR _gPSBO |
|
| 852 |
_aNLR _jП13/307 |
||
| 942 | _cSE | ||
| 980 | _aRUSPER | ||